Ngôn ngữ lập trình C++ những vấn đề thiết yếu Song ngữ Anh - Việt có chú giải thuật ngữ

Ngôn ngữ lập trình: Lập trình hướng đối tượng; Ngôn ngữ lập trình C; ngôn ngữ lập trình C++; Ngôn ngữ lập trình Java...

Αποθηκεύτηκε σε:
Λεπτομέρειες βιβλιογραφικής εγγραφής
Κύριος συγγραφέας: Trần Đức Quang (Biên dịch và chú giải)
Μορφή: Βιβλίο
Γλώσσα:Vietnamese
Έκδοση: Tp. Hồ Chí Minh Đại học Quốc gia thành phố Hồ Chí Minh 2002
Θέματα:
Ετικέτες: Προσθήκη ετικέτας
Δεν υπάρχουν, Καταχωρήστε ετικέτα πρώτοι!
Thư viện lưu trữ: Mạng thư viện Đại học Đà Nẵng
LEADER 01364nam a2200337 4500
001 000009312
003 5508
005 20111027091044.0
008 111026s2002 viesd
020 |c 8000đ 
041 0 |a vie 
082 |a 005.13  |b Ngô 
100 0 |a Trần Đức Quang  |e Biên dịch và chú giải 
245 0 |a Ngôn ngữ lập trình C++ những vấn đề thiết yếu  |b Song ngữ Anh - Việt có chú giải thuật ngữ  |c Trần Đức Quang Biên dịch và chú giải 
260 |a Tp. Hồ Chí Minh  |b Đại học Quốc gia thành phố Hồ Chí Minh  |c 2002 
300 |a 90tr  |c 21cm 
520 |a Ngôn ngữ lập trình: Lập trình hướng đối tượng; Ngôn ngữ lập trình C; ngôn ngữ lập trình C++; Ngôn ngữ lập trình Java... 
653 |a Ngôn ngữ 
653 |a Lập trình 
653 |a Vấn đề 
910 |a Thương  |d 26/10/2011 
OWN |a LSP 
AVA |a UDN50  |b LSP  |d 005.13 Ngô  |e available  |t Error 5001 Not defined in file expand_doc_bib_avail.  |f 2  |g 0  |h N  |i 0  |k 1 
999 |a From the UDN01 
AVA |a UDN50  |b LSP  |d 005.13 Ngô  |e available  |t Error 5001 Not defined in file expand_doc_bib_avail.  |f 2  |g 0  |h N  |i 0  |k 1 
TYP |a Monograph 
TYP |a Printed language 
980 |a Mạng thư viện Đại học Đà Nẵng